000 01996nam0a2200337 i 4500
001 RU\NLR\BIBL_A\011144600
005 20240921123100.0
010 _a9785990703254
_9100
021 _aRU
_b2016-39415
_92525
035 _a(NILC)RuMoRGB-008486017
035 _a(NLR Aleph) 011144600
090 _a11637435
_c11637435
100 _a20160601d2016 k y0rusy50 ca
101 0 _arus
102 _aRU
105 _ay z 010yy
200 1 _aПроблемы развития российского права и законодательства
_eматериалы круглого стола, посвященного 70-летию доктора юридических наук, профессора Вячеслава Александровича Рыбакова, 30 октября 2015 г.
_f[редкол.: Е. В. Прысь, к.ю.н., проф. (отв. ред.) и др.]
210 _aРязань
_cРязанский филиал НОУ ВО "Московская академия экономики и права"
_d2016
215 _a101 с.
_d21
300 _aВ надзаг.: Негос. образоват. учреждение высш. образования "Моск. акад. экономики и права", Рязанский фил.
320 _aБиблиогр. в конце ст. и в подстроч. примеч.
606 1 _aПраво
_jСъезды, совещания и т.п
_yРоссийская Федерация
_92070216
_3RU\NLR\AUTH\661244932
675 _a34
686 1 _aХ62я431
702 1 _aПрысь
_bЕ. В.
_gЕвгений Владимирович
_4340
711 1 2 _a"Проблемы развития российского права и законодательства", круглый стол
_eРязань
_f2015
_9519678
_3RU\NLR\AUTH\880427550
801 0 _aRU
_bРГБ
_c20160513
_gRCR
942 _cBOOK
980 _aNBR